[Event "BEL FEFB-ch op"]
[Site "Fontaine l'Eveque"]
[Date "2009.05.30"]
[Round "3"]
[White "Philippe, Denis"]
[Black "Sohet, Cedric"]
[Result "1-0"]
[WhiteElo "2084"]
[BlackElo "1618"]
[PlyCount "53"]
[EventDate "2009.05.29"]
[EventType "swiss"]
[EventRounds "7"]
[EventCountry "BEL"]
[SourceTitle "EXT 2012"]
[Source "ChessBase"]
[SourceDate "2011.11.24"]
[SourceVersion "1"]
[SourceVersionDate "2011.11.24"]
[SourceQuality "1"]

1. d4 b6 2. Nf3 Bb7 3. e3 Nf6 4. Bd3 e6 5. 0-0 c5 6. c4 Nc6 7. Nc3 Nb4 8. Bb1 a6 9. a3 Nc6 10. d5 Na5 11. Ba2 b5 12. cxb5 axb5 13. dxe6 fxe6 14. Nxb5 Qb6 15. a4 Ba6 16. Bd2 Bxb5 17. axb5 Qxb5 18. Bc3 Be7 19. Ne5 0-0 20. Nxd7 Rfd8 21. Nxf6+ Bxf6 22. Bxe6+ Kh8 23. Qh5 Bxc3 24. bxc3 Nc4 25. Rxa8 Rxa8 26. Qd5 Nb6 27. Qb7 1-0